000 00700nam a2200241 i 4500
001 bg
100 1 _aSkinner, Brian J.
_d(1928- ).
245 0 4 _aThe dynamic earth :
_ban introduction to physical geology /
_cBrian J. Skinner, Stephen C. Porter.
246 3 0 _aDynamic earth
260 _aNew York [etc.] :
_bJohn Wiley & Sons,
_c1989.
300 _aXIV, [2], 541 s. :
_bil. kolor. ;
_c28 cm.
504 _aBibliogr. s. 525-529.
650 9 _aGeologia dynamiczna
700 1 _aPorter, Stephen C.
020 _a0471606189
040 _cBPK
041 0 _aeng
044 _aUSA
080 _a551.2/.3
920 _a0-471-60618-9
942 _cKS
008 100825s1989 us a |000 0 eng
999 _c50831
_d50831
856 _uhttp://koha.tu.koszalin.pl/cgi-bin/koha/opac-detail.pl?biblionumber=50831
_yKatalog online BPK